| 000 | 00607nam a2200193Ia 4500 | ||
|---|---|---|---|
| 003 | Ost | ||
| 005 | 20260507075659.0 | ||
| 008 | 260507s9999||||xx |||||||||||||| ||und|| | ||
| 040 | _cfsecg | ||
| 041 | _aara | ||
| 100 |
_aالخضيري، محسن أحمد _eمؤلف |
||
| 245 | 0 |
_aالتسويق المصرفي / _c محسن أحمد الخضيري |
|
| 260 |
_aالقاهرة: _bإتراك لنشر و التوزيع, _c2008 |
||
| 300 | _a411 صفحة؛ | ||
| 504 | _aبيبليوغرافيا ص.211 | ||
| 653 | _aادارة الازمات | ||
| 653 | _aادارة الصراع | ||
| 942 | _cكتاب | ||
| 999 |
_c45777 _d45777 |
||